Проблема невозможности рационализации постмодернистского дискурса; В мире научных открытий; Т. 16, № 4
| Parent link: | В мире научных открытий.— , 2008- Т. 16, № 4.— 2011.— [С. 215-219] |
|---|---|
| Autor principal: | |
| Sumari: | Заглавие с экрана В данной статье рассматривается актуальная с точки зрения "анархистской" теории познания проблематика онтологии дискурса: современная социокультурная деструкция возможна по причине "рациональной" мистификации технологий и субституции реальности её различными моделями; дискурс, как объект исследования, рассматривается в аспекте темпоральной структуры; актуальность проблематики обусловлена необходимостью понимания причин социокультурной деструкции личности и возможных путей её преодоления. This article focuses on the problematique of the ontology of discourse, topical from point of view of an "anarchist" theory of knowledge: the modern sociocultural destruction is possible due to the "rational" mystification of the technology and reality substitution for its various models; discourse as an object of the scientific research is studied in the aspect of temporal structure, the actuality of issues is caused by the necessity of understanding the reasons of the sociocultural personality destruction and possible ways to overcome it. Режим доступа: по договору с организацией-держателем ресурса |
| Idioma: | rus |
| Publicat: |
2011
|
| Matèries: | |
| Accés en línia: | http://elibrary.ru/item.asp?id=16896709 |
| Format: | Electrònic Capítol de llibre |
| KOHA link: | https://koha.lib.tpu.ru/cgi-bin/koha/opac-detail.pl?biblionumber=636507 |
MARC
| LEADER | 00000nla0a2200000 4500 | ||
|---|---|---|---|
| 001 | 636507 | ||
| 005 | 20250328094945.0 | ||
| 035 | |a (RuTPU)RU\TPU\network\483 | ||
| 035 | |a RU\TPU\network\475 | ||
| 090 | |a 636507 | ||
| 100 | |a 20140205d2011 k||y0rusy50 ca | ||
| 101 | 0 | |a rus | |
| 102 | |a RU | ||
| 135 | |a drnn ---uucaa | ||
| 181 | 0 | |a i | |
| 182 | 0 | |a b | |
| 200 | 1 | |a Проблема невозможности рационализации постмодернистского дискурса |f М. В. Гончаренко | |
| 203 | |a Текст |c электронный | ||
| 300 | |a Заглавие с экрана | ||
| 320 | |a [Библиогр.: с. 219 (6 назв.)] | ||
| 330 | |a В данной статье рассматривается актуальная с точки зрения "анархистской" теории познания проблематика онтологии дискурса: современная социокультурная деструкция возможна по причине "рациональной" мистификации технологий и субституции реальности её различными моделями; дискурс, как объект исследования, рассматривается в аспекте темпоральной структуры; актуальность проблематики обусловлена необходимостью понимания причин социокультурной деструкции личности и возможных путей её преодоления. | ||
| 330 | |a This article focuses on the problematique of the ontology of discourse, topical from point of view of an "anarchist" theory of knowledge: the modern sociocultural destruction is possible due to the "rational" mystification of the technology and reality substitution for its various models; discourse as an object of the scientific research is studied in the aspect of temporal structure, the actuality of issues is caused by the necessity of understanding the reasons of the sociocultural personality destruction and possible ways to overcome it. | ||
| 333 | |a Режим доступа: по договору с организацией-держателем ресурса | ||
| 461 | |t В мире научных открытий |d 2008- | ||
| 463 | |t Т. 16, № 4 |v [С. 215-219] |d 2011 | ||
| 610 | 1 | |a электронный ресурс | |
| 610 | 1 | |a труды учёных ТПУ | |
| 610 | 1 | |a дискурс | |
| 610 | 1 | |a модели | |
| 610 | 1 | |a мифологизация | |
| 610 | 1 | |a технологии | |
| 610 | 1 | |a субституция | |
| 610 | 1 | |a реальность | |
| 610 | 1 | |a дискретность | |
| 610 | 1 | |a иррациональность | |
| 610 | 1 | |a постмодерн | |
| 700 | 1 | |a Гончаренко |b М. В. |c специалист в области психологии и педагогики |c доцент Томского политехнического университета, кандидат философских наук |f 1973- |g Марк Васильевич |3 (RuTPU)RU\TPU\pers\31768 | |
| 801 | 2 | |a RU |b 63413507 |c 20140206 |g RCR | |
| 856 | 4 | |u http://elibrary.ru/item.asp?id=16896709 | |
| 942 | |c CF | ||